पराजय नव्हे विजय / (Record no. 49671)

MARC details
000 -LEADER
fixed length control field 01050nam a22002777a 4500
005 - DATE AND TIME OF LATEST TRANSACTION
control field 20101224150352.0
008 - FIXED-LENGTH DATA ELEMENTS--GENERAL INFORMATION
fixed length control field 101224t xxu||||| |||| 00| 0 mar d
010 ## - LCCN (DPL NO)
LC control number MAR-20490
020 ## - INTERNATIONAL STANDARD BOOK NUMBER
Terms of availability 200.00
International Standard Book Number 9788172948559
035 ## - SYSTEM CONTROL NUMBER
System control number MR-13148
037 ## - SOURCE OF ACQUISITION
Source of stock number/acquisition DBAD / PUB
040 ## - CATALOGING SOURCE
Original cataloging agency DPL
Language of cataloging MR
082 ## - DEWEY DECIMAL CLASSIFICATION NUMBER
Classification number 921
100 ## - MAIN ENTRY--PERSONAL NAME
Personal name फळणीकर,विजय
9 (RLIN) 25101
245 ## - TITLE STATEMENT
Title पराजय नव्हे विजय /
Statement of responsibility, etc विजय फळणीकर
246 ## - VARYING FORM OF TITLE
Remainder of title Parajaya Navhe Vijay
Title proper/short title by Vijay Falnikar
260 ## - PUBLICATION, DISTRIBUTION, ETC. (IMPRINT)
Place of publication, distribution, etc पुणे
Name of publisher, distributor, etc दिलीपराज प्रकाशन
Date of publication, distribution, etc 2010
270 ## - ADDRESS
Address 251 क,शनिवार पेठ
City पुणे
Postal code 411058
300 ## - PHYSICAL DESCRIPTION
Extent 188पृ
Dimensions 21सेमी (अजिल्द)
Other physical details सचित्र
650 ## - SUBJECT ADDED ENTRY--TOPICAL TERM
9 (RLIN) 25127
650 ## - SUBJECT ADDED ENTRY--TOPICAL TERM
9 (RLIN) 25128
700 ## - ADDED ENTRY--PERSONAL NAME
9 (RLIN) 25102
700 ## - ADDED ENTRY--PERSONAL NAME
9 (RLIN) 25121
942 ## - ADDED ENTRY ELEMENTS (KOHA)
Source of classification or shelving scheme Dewey Decimal Classification
Item type Marathi Books
Call number suffix फळणी
Classification part 921
Holdings
Withdrawn status Lost status Source of classification or shelving scheme Damaged status Not for loan Collection code Home library Current library Date acquired Source of acquisition Cost, normal purchase price Total Checkouts Full call number Barcode Date last seen Copy number Cost, replacement price Koha item type
    Dewey Decimal Classification   Not For Loan Non-fiction D.B.Act.Division D.B.Act.Division 01/01/2011 DBAD / PUB 200.00   921 फळणी MR-13148 01/01/2011 1 200.00 Marathi Books

© Delhi Public Library
Hit Counter
free hit counter